| 000 | 00831nam a22002055i 4500 | ||
|---|---|---|---|
| 001 | 162912 | ||
| 003 | ES-MaACL | ||
| 005 | 20250703063117.0 | ||
| 008 | 050707s1863 fr |||| | fre d | ||
| 040 |
_aCAM _bspa _cCAM |
||
| 100 | 1 |
_aRamée, Daniel _9131586 |
|
| 245 | 1 | 3 |
_aLa mort de Jésus _b: revélations historiques sur le véritable genre de mort de Jésus, traduites du latin en allemand et d'allemand en français d'après le manuscrit d'un frère de l'ordre sacré des esséniens, contemporaine de Jésus / _cpar D. Ramée. |
| 250 | _a3e éd. | ||
| 260 |
_aParis : _bEd. Dentu : _bLibrairie Centrale, _c1863. |
||
| 300 |
_a205 p. ; _c22 cm. |
||
| 600 | 1 | 4 |
_aJesucristo- _xPasión y muerte. _9223757 |
| 752 |
_aFrancia - _dParís |
||
| 852 |
_aES-MaACL _jG-12141 _q-- Enc. hol. |
||
| 999 |
_c162912 _d162912 |
||